000 00868nam a2200277 a 4500
008
020 _a0333489489 (pbk.)
049 _aMAIN
090 _aQP606.D46
_bPOL
245 0 0 _aPCR technology :
_bprinciples and applications for DNA amplification /
_cHenry A. Erlich, editor.
260 _aNew York :
_bStockton Press,
_c1989.
300 _ax, 246 p. :
_bill. ;
_c23 cm.
504 _aIncludes bibliographical references.
500 _aIncludes index.
650 0 _aPolymerase chain reaction.
650 0 _aGene amplification.
650 2 _aDNA-Directed DNA Polymerase.
650 2 _aGenetic Engineering.
650 2 _aMolecular Biology.
700 1 _aErlich, Henry A.
907 _a.b10006096
_b07-05-12
_c17-04-03
003
005 20230123133710.0
040 _cNUST
942 _cBOOKS
_kQP606.D46
_mPOL
999 _c153097
_d153097